Southville International School and Colleges
Your cart is empty.
  • Cart
  • Lists
    Public lists Eva Luna New books Lux_list list_1
    Your lists Log in to create your own lists
  • Log in to your account
  • Your cookies
  • Search history
Southville International School and Colleges
  • Advanced search
  • Recent comments
  • Most popular
  • Libraries

Log in to your account

Log in with GOOGLE


If you do not have an external account, but do have a local account, you can still log in:

  1. Home
  2. MARC view: An inconvenient truth :
Normal view MARC view ISBD view

An inconvenient truth : (Record no. 339601)

[ view plain ]
MARC details
000 -LEADER
fixed length control field 00741nam a2200277Ia 4500
008 - FIXED-LENGTH DATA ELEMENTS--GENERAL INFORMATION
fixed length control field 170711s9999 xx 000 0 und d
020 ## - INTERNATIONAL STANDARD BOOK NUMBER
International Standard Book Number 9781594865671
050 ## - LIBRARY OF CONGRESS CALL NUMBER
Classification number 363.7
050 ## - LIBRARY OF CONGRESS CALL NUMBER
Item number G666 2006
100 ## - MAIN ENTRY--PERSONAL NAME
Personal name Gore, Al
245 #3 - TITLE STATEMENT
Title An inconvenient truth :
245 ## - TITLE STATEMENT
Remainder of title the planetary emergency of global warming and what we can do about it /
245 ## - TITLE STATEMENT
Statement of responsibility, etc Al Gore.
260 ## - PUBLICATION, DISTRIBUTION, ETC. (IMPRINT)
Place of publication, distribution, etc USA :
260 ## - PUBLICATION, DISTRIBUTION, ETC. (IMPRINT)
Name of publisher, distributor, etc Rodale,
260 ## - PUBLICATION, DISTRIBUTION, ETC. (IMPRINT)
Date of publication, distribution, etc 2006
300 ## - PHYSICAL DESCRIPTION
Extent 345 pages :
300 ## - PHYSICAL DESCRIPTION
Other physical details illustrations ;
300 ## - PHYSICAL DESCRIPTION
Dimensions 23cm.
500 ## - GENERAL NOTE
General note Winner of the 2007 nobel peace prize.
650 ## - SUBJECT ADDED ENTRY--TOPICAL TERM
Topical term or geographic name as entry element Global warming --
650 ## - SUBJECT ADDED ENTRY--TOPICAL TERM
Topical term or geographic name as entry element Global warming.
650 ## - SUBJECT ADDED ENTRY--TOPICAL TERM
Topical term or geographic name as entry element Greenhouse effect, Atmospheric.
650 ## - SUBJECT ADDED ENTRY--TOPICAL TERM
General subdivision Government policy.
700 ## - ADDED ENTRY--PERSONAL NAME
Personal name Title.

No items available.

An inconvenient truth :

APA

Gore A., Title, .An inconvenient truth. USA: .

Chicago

Gore Al, Title, .An inconvenient truth. USA: .

Harvard

Gore A., Title, .An inconvenient truth. USA: .

MLA

Gore Al, Title, .USA: . .

  • Print
  • Cite
  • Add to your cart (remove)
  • Save record
    BIBTEX Dublin Core MARCXML MARC (non-Unicode/MARC-8) MARC (Unicode/UTF-8) MARC (Unicode/UTF-8, Standard) MODS (XML) RIS
  • More searches
    Search for this title in:
    Other Libraries (WorldCat) Other Databases (Google Scholar) Online Stores (Bookfinder.com) Open Library (openlibrary.org)

Exporting to Dublin Core...

SOUTHVILLE LIBRARY

Southville International School and Colleges Library

1281 Tropical Ave. Cor. Luxembourg St., BF Homes International, Las Pinas City

Tel. No. 8256374 / 252358 Loc. 117/146

Powered by Koha